00253nam a2200097Ia 4500008004100000100001800041245003200059260003700091300000900128650001800137190216s9999||||xx |||||||||||||| ||und|| aJoseph Conrad 4aThe Nigger Of The Narcissus bUniversity Of London Pressc1960 a182p aEnglish Drama